000 00615nam a2200229 i 4500
001 C2-0254363
003 PPAK
005 20180727222031.0
008 040429s1990 ua |||| ||||| | ara d
040 _aPPAK
_beng
_cPPAK
_erda
082 0 4 _a297.124
_223
090 0 0 _a297.124
_bMAH
_dR
100 0 _aMahyuddin Abi Zakaria Yahya bin Sharfun Nawawi,
_eauthor
245 1 0 _aAl-Azkar
264 1 _aKaherah :
_bDarul Al-Arabi Ghaddu ,
_c1990
300 _a1 Jilid ;
_c24 cm
336 _2rdacontent
_atext
337 _2rdamedia
_aunmediated
338 _2rdacarrier
_avolume
650 1 0 _aHadith
942 _ddc
_cB
999 _c67104
_d67104